Dirigeants de la première Guerre mondiale - Images. - Statistiques

Statistiques générales
  • Ce quiz a été pris 294 fois
  • Le résultat moyen est 7 sur 19
Statistiques - réponses
Par images Hint Réponse % Correct
Russie Lénine
84%
Russie Nicolas II
79%
France Georges Clemenceau
72%
Royaume-Uni Lloyd George
70%
États-Unis Woodrow Wilson
70%
France Raymond Poincaré
67%
Allemagne Guillaume II
62%
Royaume-Uni George V
51%
Autriche-Hongrie François-Joseph Ier
48%
Belgique Albert Ier
27%
Italie Victor-Emmanuel III
25%
France Aristide Briand
16%
Autriche-Hongrie Charles Ier
15%
Italie Vittorio Emanuele Orlando
11%
Empire ottoman Ismail Enver Pacha
9%
Russie Alexandre Kerenski
6%
Royaume-Uni H. H. Asquith
5%
Empire ottoman Mehmet Talaat Pacha
5%
Empire ottoman Ahmed Djemal Pacha
3%
Aucun quiz correspondant
Distribution des résultats
% des personnes avec chaque résultat
Percentile par nombre de réponses
Votre historique - résultats
Vous n’avez pas pris ce quiz